000 01196nam a22003377a 4500
003 CHAP
005 20220329142548.0
008 011106d2000 mx r 00010 spa d
010 _a84936
011 _a85908
020 _a9701328078
035 _a96446
040 _cCHAP
082 _a343.0972
_bI58 1991-98
110 _aInstituto Nacional de Estadística, Geografía e Informática. México
_959304
245 0 _aEstadísticas judiciales en materia penal
_c/por Instituto Nacional de Estadística, Geografía e Informática
260 _aAguascalientes, Ags. :
_bEl Instituto,
_c2000-
300 _av.
_b: ilus.
500 _aLa biblioteca tiene : Chiapas, Oaxaca, Tabasco
590 _aBATCH-UPD
_b10
_c20130110
_lUCH01
_h1944
590 _aBATCH-UPD
_b10
_c20130410
_lUCH01
_h1307
590 _aBATCH-UPD
_b10
_c20130914
_lUCH01
_h1143
590 _aCONVERSION
_b10
_c20130109
_lUCH01
_h1347
650 1 4 _aDerecho penal
_xEstadísticas
_zMéxico.
_931902
650 1 4 _aPoblación
_xEstadísticas
_zMéxico.
_989385
901 _aBK
905 _aMayto Villalobos S.
911 _amvs
942 _cLIBRO
949 _a343.0972 I58 1991-98
_bBC
_cLIBRO
_d3372400096446
_eLIBRO
_h99371
_i96446
_si
999 _c84936
_d84936